| 000 | 00627nam a22002177a 4500 | ||
|---|---|---|---|
| 999 |
_c16831 _d16831 |
||
| 003 | AR-CdUCM | ||
| 008 | 190506b ||||| |||| 00| 0 spa d | ||
| 040 |
_aMUNICIPALIDAD PROVINCIAL DEL CUSCO _cBIBLIOTECA MUNICIPAL DEL CUSCO |
||
| 041 | _hfr. | ||
| 082 |
_a616.4 / _bA52 |
||
| 100 |
_aDecourt, Jacques _936518 |
||
| 245 | _aLa obesidad / | ||
| 260 |
_aBuenos Aires : _bEUDEBA, _c1962. |
||
| 300 |
_a111 paginas ; _c20 cm. |
||
| 650 |
_aObesidad _936519 |
||
| 650 |
_aPeso _936520 |
||
| 650 |
_aTalla _936521 |
||
| 700 |
_aLiliana Noemi Ziaurriz (traducción) _936522 |
||
| 942 |
_2ddc _cLIBROS |
||
| 945 |
_arjall _d2019-05-06 |
||